00602 a2200193 45000010006000000050017000060080041000230030015000640400040000790800072001192450061001910200018002522500012002702640052002823000019003340410008003531000025003617000022003862945420260407155604.0260407a1998 arg spa dAR-UNSa-BCEJYS aAR-UNSa-BCEJYSbspacAR-UNSa-BCEJYS a336.225xMétodo de tributación y administración de impuestos 10aProcedimiento previsional anta la A.F.I.P. y la justicia a950-811-044-9 a2a. ed. 1aBuenos Aires :bEdiciones Nueva Técnicac1998 a284 p.c28 cm. aspa1 aPresas Bonora, Jorge1 aViqueira, Liliana